[Event "Nikaia op 17th"]
[Site "Nikaia"]
[Date "2009.08.22"]
[Round "1"]
[White "Managadze, Nikoloz"]
[Black "Glyptis, Georgios"]
[Result "1-0"]
[WhiteElo "2459"]
[BlackElo "1561"]
[PlyCount "43"]
[EventDate "2009.08.22"]
[EventType "swiss"]
[EventRounds "9"]
[EventCountry "GRE"]
[SourceTitle "CBM 132 Extra"]
[Source "ChessBase"]
[SourceDate "2009.11.03"]
[SourceVersion "1"]
[SourceVersionDate "2009.11.03"]
[SourceQuality "1"]

1. e4 e5 2. Nf3 Nc6 3. c3 Nf6 4. d4 Nxe4 5. d5 Nb8 6. Nxe5 Qf6 7. Qd4 Nxf2 8. Rg1 d6 9. Bb5+ Bd7 10. Nxd7 Qxd4 11. cxd4 Nxd7 12. Kxf2 0-0-0 13. Re1 Nb6 14. Nc3 Nxd5 15. Nxd5 c6 16. Bc4 cxd5 17. Bxd5 Rd7 18. Re8+ Kc7 19. Bd2 Re7 20. Ba5+ b6 21. Rc1+ Kd7 22. Rec8 1-0